000 00644cam a22002053a 4500
001 39428
003 PGUSA
005 20140828083857.0
008 120411s2012||||xxu|||||s|||||000 | eng d
040 _aPGUSA
_beng
042 _adc
100 1 _aFiech,
_cSaint
245 1 2 _aA Hymn on the Life, Virtues and Miracles of St. Patrick :
_bComposed by his Disciple, Saint Fiech, Bishop of Sletty
_h[electronic resource] /
_cFiech,
260 _bProject Gutenberg,
_c2012
506 _aPublic domain in the USA.
516 _aElectronic text
830 0 _aProject Gutenberg
_v39428
856 4 0 _uhttp://www.gutenberg.org/ebooks/39428
942 _cEB
999 _c268681
_d268681